000 00305nam a2200109Ia 4500
008 220204s9999 xx 000 0 und d
082 _a338.43.01
_bGUL;1
100 _aGulati, Ashok
245 0 _aExport competitiveness of selected agricultural commodities
260 _aNew Delhi
_bNCAER
_c1994
942 _cBK
999 _c40811
_d40811